Normal view
MARC view
- L.Phillips, Artbur
Entry Personal Name
001 - CONTROL NUMBER
- control field: 107074
003 - CONTROL NUMBER IDENTIFIER
- control field: NUST
005 - DATE AND TIME OF LATEST TRANSACTION
- control field: 20230119121047.0
008 - FIXED-LENGTH DATA ELEMENTS
- fixed length control field: 230119|| aca||aabn | a|a d
040 ## - CATALOGING SOURCE
- Original cataloging agency: NUST
- Transcribing agency: NUST
100 ## - HEADING--PERSONAL NAME
- Personal name: L.Phillips, Artbur
670 ## - SOURCE DATA FOUND
- Source citation: Work cat.: (NUST)190841: L.Phillips, Artbur, Introdutory welding metallurgy /, 1968
